South Eastern Kenya University

Library Online Public Access Catalogue


Macroeconomics : (Record no. 10756)

MARC details
000 -LEADER
fixed length control field 00513cam a22001574a 4500
020 ## - ISBN
International Standard Book Number 0321348273 (pbk.)
050 00 - LIBRARY OF CONGRESS CALL NUMBER
Classification Number HB 172.5
Item Number .E42 2006
100 1# - MAIN ENTRY--Author
Personal name Ekelund, Robert B.
Dates associated with a name 1940-
245 10 - TITLE
Title Macroeconomics :
Remainder of title private markets and public choice /
Statement of responsibility, etc Robert B. Ekelund, Jr., Rand W. Ressler, Robert D. Tollison.
250 ## - EDITIONSTATEMENT
Edition statement 7th ed.
260 ## - PUBLICATION, DISTRIBUTION, ETC.(IMPRINT)
Place of publication, distribution, etc Boston, Mass. :
Name of publisher, distributor, etc Pearson/Addison-Wesley,
Date of publication, distribution, etc c2006.
300 ## - PHYSICAL DESCRIPTION
Extent xxxi, 838 p. :
700 1# - ADDED ENTRY--PERSONAL AUTHOR
Personal Name Tollison, Robert D.
700 1# - ADDED ENTRY--PERSONAL AUTHOR
Personal Name Ressler, Rand W.
942 ## - ADDED ENTRY ELEMENTS(KOHA)
Source of classification or shelving scheme Library of Congress Classification
Koha item type General circulation
Holdings
Source of classification or shelving scheme Not for loan Location (home branch) Sublocation (holding branch) Shelving location Date accessioned Full call number Barcode Koha item type
Library of Congress Classification   Mtito Andei Centre Library Mtito Andei Centre Library   25/02/2016 HB 172.5 .E42 2006 2015/014403 General circulation
Kitui, Kenya.
+254736116989
library@seku.ac.ke